|
|
|
|
| LEADER |
00788nam a22001937a 4500 |
| 020 |
|
|
|a 81-7130-648-9
|
| 082 |
|
|
|a 894.M301
|b ASH/A N6
|
| 100 |
|
|
|a അഷിത;
|9 18157
|
| 100 |
|
|
|a Ashita
|9 17880
|
| 240 |
|
|
|a Ashitayute kathakal
|
| 245 |
|
|
|a അഷിതയുടെ കഥകള്
|
| 250 |
|
|
|a 1st
|
| 260 |
|
|
|a Kottayam;
|b D C Books;
|c 1996
|
| 300 |
|
|
|a 88p.
|
| 650 |
|
|
|a മലയാളം; മലയാളം സാഹിത്യം; മലയാളം ചെറുകഥകള്
|9 30529
|
| 650 |
|
|
|a Malayalam; Malayalam Literature; Malayalam Short Stories; Ashitha
|9 25834
|
| 942 |
|
|
|c BK
|
| 999 |
|
|
|c 35549
|d 35549
|
| 952 |
|
|
|0 0
|1 0
|4 0
|6 894_000000000000000_M301_ASH_A_N6
|7 0
|8 STO
|9 39773
|a MAL
|b MAL
|d 2015-06-01
|e 45820
|g 32.00
|l 0
|o 894.M301 ASH/A N6
|p MAL045820
|r 2015-06-01
|t 1
|w 2015-06-01
|y BK
|